00749nam a22001935i 4500001000700000003000900007005001700016008004100033040002000074100003600094245004800130250001300178260007200191300001800263594003900281852008600320999001900406952013000425155703ES-MaACL20250717063037.0040726s1877 fr |||| | fre d aCAM bspa cCAM1 aHugo, Victor,d1802-188596462713aLa légende des siècles / cVictor Hugo. a5e éd. aParis : bCalmann Lévy éditeur, c1877 (fA. Quantin imprimeur) av. ; c23 cm. aEn port. consta: Nouvelle série. aES-MaACLjF-9199-9200 z-- Enc. hol. q-- Sólo t.I (XV, 321 p.) y t.II (395 p.) c155703d155703 001040708LIBXIXaATENEOMbATENEOMcSPP2d2008-01-17eSSCl0oF-9199-9200p1162869r2023-02-23 00:00:00w2023-02-23yMONANT